Sonia Gandhi : (Record no. 130515)

MARC details
000 -LEADER
fixed length control field 00795nam a22002537a 4500
003 - CONTROL NUMBER IDENTIFIER
control field 0
005 - DATE AND TIME OF LATEST TRANSACTION
control field 20180808122923.0
008 - FIXED-LENGTH DATA ELEMENTS--GENERAL INFORMATION
fixed length control field 0
010 ## - LIBRARY OF CONGRESS CONTROL NUMBER
LC control number A-947544, A-947545
020 ## - INTERNATIONAL STANDARD BOOK NUMBER
Terms of availability 300.00
International Standard Book Number 8187277025
035 ## - SYSTEM CONTROL NUMBER
System control number A-947544, A-947545
037 ## - SOURCE OF ACQUISITION
Source of stock number/acquisition Cen Lib/Ret
040 ## - CATALOGING SOURCE
Original cataloging agency DPL
Language of cataloging EN
Transcribing agency 0
082 ## - DEWEY DECIMAL CLASSIFICATION NUMBER
Classification number 921
Item number CHA
100 ## - MAIN ENTRY--PERSONAL NAME
Personal name Chatterjee, Rupa
9 (RLIN) 29396
245 ## - TITLE STATEMENT
Title Sonia Gandhi :
Statement of responsibility, etc by Rupa Chatterjee
Remainder of title the lady in shadow /
260 ## - PUBLICATION, DISTRIBUTION, ETC. (IMPRINT)
Place of publication, distribution, etc New Delhi
Name of publisher, distributor, etc Butala Publications
Date of publication, distribution, etc 1998
270 ## - ADDRESS
Address 16/194, 1st Floor, Gali No. 7, Faiz Road, Karol Bagh
City New Delhi
Postal code 110005
300 ## - PHYSICAL DESCRIPTION
Extent vi,222p. :
Dimensions 21cm(Hb)
Other physical details col. ill.
500 ## - GENERAL NOTE
General note
650 ## - SUBJECT ADDED ENTRY--TOPICAL TERM
Topical term or geographic name as entry element Gandhi, Sonia, -- 1946-
9 (RLIN) 29397
650 ## - SUBJECT ADDED ENTRY--TOPICAL TERM
Topical term or geographic name as entry element Prime ministers' spouses -- India -- Biography
9 (RLIN) 29398
942 ## - ADDED ENTRY ELEMENTS (KOHA)
Source of classification or shelving scheme Dewey Decimal Classification
Koha item type English Books
Classification part 921
Call number suffix CHA
Holdings
Withdrawn status Lost status Damaged status Not for loan Home library Current library Date acquired Source of acquisition Cost, normal purchase price Total Checkouts Full call number Barcode Date last seen Copy number Cost, replacement price Price effective from Koha item type Source of classification or shelving scheme Collection code Date checked out
        Central Library Central Library 09/07/2015 Cen Lib/Ret 300.00   921 CHA A-947544 09/07/2015 1 300.00 09/07/2015 English Books      
        Patel Nagar Patel Nagar 30/06/2018 BPPD/Pub 300.00 1 921 CHA A-947545 20/08/2018   300.00 30/06/2018 English Books Dewey Decimal Classification Non-fiction 08/08/2018

© Delhi Public Library
Hit Counter
free hit counter